| 000 | 00505nam a22001937a 4500 | ||
|---|---|---|---|
| 003 | OSt | ||
| 005 | 20140310181757.0 | ||
| 008 | 130701t xxu||||| |||| 00| 0 eng d | ||
| 020 | _a9719195002 | ||
| 050 |
_aPZ 9 _b.L734 1997 |
||
| 082 |
_aFIL 411 _bC47 1997 |
||
| 245 |
_aAlpabeto / _cIsabel Limpi-Chungunco. |
||
| 260 |
_aManila : _bForesight Books, _c1997. |
||
| 300 |
_a30 p. : _bill. col. ; _c31 cm. : |
||
| 520 | _a1. Alphabets--Philippines | ||
| 562 | _e1 | ||
| 942 |
_2lcc _cBK |
||
| 999 |
_c3495 _d3495 |
||